• AIU
  • Tony Wilmot Memorial Library

Ki~ri~kani~ro ki~ri~a ki~eru~ ki~a Jesu (Record no. 43521)

MARC details
000 -LEADER
fixed length control field 00586nam a22001811a 4500
020 ## - INTERNATIONAL STANDARD BOOK NUMBER
Terms of availability 0.00
040 ## - CATALOGING SOURCE
Original cataloging agency NEGST Library - Kenya
050 ## - LIBRARY OF CONGRESS CALL NUMBER
Classification number BS 325.K4916 1965
100 ## - MAIN ENTRY--PERSONAL NAME
Personal name Bible Society of Kenya
245 ## - TITLE STATEMENT
Title Ki~ri~kani~ro ki~ri~a ki~eru~ ki~a Jesu
Medium [Text]
260 ## - PUBLICATION, DISTRIBUTION, ETC. (IMPRINT)
Place of publication, distribution, etc Nairobi
Name of publisher, distributor, etc The Bible Society of ken
Date of publication, distribution, etc c1965
300 ## - PHYSICAL DESCRIPTION
Extent 213 p.;
500 ## - GENERAL NOTE
General note "The New Testament in Kikuyu"- T.P. verso. [Africana]
600 ## - SUBJECT ADDED ENTRY--PERSONAL NAME
Personal name Bible N.T. Kikuyu, 1965
600 ## - SUBJECT ADDED ENTRY--PERSONAL NAME
Personal name Kikuyu language - Texts
852 ## - LOCATION/CALL NUMBER
-- 28.00
Holdings
Withdrawn status Lost status Source of classification or shelving scheme Damaged status Not for loan Collection code Home library Current library Shelving location Date acquired Source of acquisition Cost, normal purchase price Full call number Barcode Date last seen Copy number Price effective from Koha item type
    Library of Congress Classification     Special Collection AIU/NEGST - Tony Wilmot Memorial Library AIU/NEGST - Tony Wilmot Memorial Library Special Collection 02/17/2010 Donation- SIL 28.00 S BS 325.K4916 1965 R36815K3232 09/26/2019 1 02/17/2010 Africana Collection (Special)